Statistics for All Fortnite Locations Ever

Click here to take the quiz!

General Stats

  • This quiz has been taken 17 times
  • The average score is 30 of 106

Answer Stats

AnswerSeason Added% Correct
Tilted TowersSeason 1 | Season 2
100%
Salty SpringsSeason 1
79%
Dusty DepotSeason 1
71%
Pleasant ParkSeason 1
71%
Fatal FieldsSeason 1
64%
Loot LakeSeason 1
64%
Anarchy AcresSeason 1
57%
Dusty DivotSeason 5
57%
Haunted HillsSeason 2
57%
Neo TiltedSeason 9
57%
Retail RowSeason 1
57%
Wailing WoodsSeason 1
57%
Greasy GroveSeason 1
50%
Junk JunctionSeason 2
50%
Risky ReelsSeason 5
50%
Shifty ShaftsSeason 1 | Season 2
50%
The BlockSeason 7
50%
Tomato TownSeason 1
50%
Moisty MireSeason 1
43%
Polar PeakSeason 7
43%
Snobby ShoresSeason 2
43%
Weeping WoodsSeason 1
43%
Dirty DocksSeason 1
36%
Flush FactorySeason 1
36%
Frenzy FarmSeason 1
36%
Lazy LakeSeason 1
36%
Lonely LodgeSeason 1
36%
Lucky LandingSeason 3 | Season 4
36%
Coney CrossroadsSeason 1
29%
Frosty FlightsSeason 7
29%
Gotham CitySeason 10/X
29%
Happy HamletSeason 7
29%
Mega MallSeason 9
29%
Pressure PlantSeason 9
29%
The AgencySeason 2
29%
The GrottoSeason 2
29%
The SharkSeason 2
29%
The YachtSeason 2
29%
Tomato TempleSeason 6
29%
Brutal BastionSeason 1
21%
Frenzy FieldsSeason 1
21%
Holly HedgesSeason 1 | Season 8
21%
Lazy LagoonSeason 3 | Season 8
21%
Lonely LabsSeason 1
21%
Misty MeadowsSeason 1
21%
Moisty PalmsSeason 10/X
21%
Rocky ReelsSeason 1
21%
Stark IndustriesSeason 4
21%
Steamy StacksSeason 1
21%
Sunny StepsSeason 8
21%
Sweaty SandsSeason 1
21%
The Daily BugleSeason 1
21%
The FortillaSeason 3
21%
The RigSeason 2
21%
The VolcanoSeason 8
21%
Anvil SquareSeason 1
14%
Boney BurbsSeason 6
14%
Camp CuddleSeason 1
14%
Catty CornerSeason 3
14%
Coral CastleSeason 3
14%
Corny ComplexSeason 7
14%
Craggy ClifsSeason 1
14%
Doom's DomainSeason 4
14%
Faulty SplitsSeason 1
14%
Rave CaveSeason 3
14%
Reality FallsSeason 3
14%
Reality TreeSeason 4
14%
Salty TowersSeason 5
14%
Shattered SlabsSeason 1
14%
Slappy ShoresSeason 1
14%
Sleepy SoundSeason 1
14%
Stealthy StrongholdSeason 5
14%
The AuthoritySeason 3
14%
The JonesesSeason 1
14%
The PyramidSeason 8
14%
The SpireSeason 6
14%
Viking VillageSeason 6
14%
Believer BeachSeason 7
7%
Breakwater BaySeason 1
7%
Colossal ColiseumSeason 5
7%
Colossal CropsSeason 6
7%
Command CavernSeason 2
7%
Corny CropsSeason 8
7%
Covert CavernSeason 1
7%
Greasy GrooveSeason 1
7%
Hunter's HavenSeason 5
7%
SanctuarySeason 1
7%
Slurpy SwampSeason 1
7%
Starry SuburbsSeason 10/X
7%
The CitadelSeason 1
7%
The FortressSeason 2
7%
Chonker's SpeedwaySeason 1
0%
Condo CanyonSeason 1
0%
Logjam LotusSeason 3
0%
Logjam LumberyardSeason 1
0%
Shuffled ShrinesSeason 3
0%
The AftermatchSeason 7
0%
The ConvergenceSeason 8
0%

Score Distribution

Percentile by Number Answered

Percent of People with Each Score

Your Score History

You have not taken this quiz